Z ksie̜gi zażaleń pielgrzymstwa polskiego.

Bibliographic Details
Main Author: Nowakowski, Zygmunt, 1891-
Format: Book
Language:Polish
Published: Bruksela : Spółka Wydawniczo-Drukarska "La Colonne", 1949.
Edition:[2. wyd.].
Subjects:

MARC

Tag First Indicator Second Indicator Subfields
LEADER 00000cam a2200000M 4500
001 in00002012303
005 20151031155629.0
008 910606s1949 pl 000 0 pol
010 |a  68051600  
035 |a (OCoLC)ocm24084959 
040 |a DLC  |c NYP  |d TXA  |d UtOrBLW 
043 |a e-pl--- 
049 |a TXAM 
050 0 0 |a DK412.2  |b .N6 1949 
100 1 |a Nowakowski, Zygmunt,  |d 1891- 
245 1 0 |a Z ksie̜gi zażaleń pielgrzymstwa polskiego. 
250 |a [2. wyd.]. 
264 1 |a Bruksela :  |b Spółka Wydawniczo-Drukarska "La Colonne",  |c 1949. 
300 |a 156 pages ;  |c 18 cm. 
336 |a text  |b txt  |2 rdacontent 
337 |a unmediated  |b n  |2 rdamedia 
338 |a volume  |b nc  |2 rdacarrier 
650 0 |a Refugees  |z Poland. 
651 0 |a Poland  |x History  |y Occupation, 1939-1945. 
948 |a cataloged  |b h  |c 2005/1/5  |d c  |e spoltoratski  |f 10:46:05 am 
994 |a E0  |b TXA 
999 |a MARS 
999 f f |s 152e4c76-e0b9-3e1b-99cf-099f1f9aaa74  |i 56c23e4a-c6df-39b7-9678-b97dede36d30  |t 0 
952 f f |p ric  |a Texas A&M University  |b Rellis Campus  |c Joint Library Facility  |d Remote Storage  |t 0  |e DK412.2 .N6 1949  |h Library of Congress classification  |i unmediated -- volume  |m A14831590726 
998 f f |a DK412.2 .N6 1949  |t 0  |l Remote Storage